Normal view
MARC view
- Holler Skoog Crouch
Entry Personal Name
001 - CONTROL NUMBER
- control field: 11048
003 - CONTROL NUMBER IDENTIFIER
- control field: NUST
005 - DATE AND TIME OF LATEST TRANSACTION
- control field: 20180606062822.0
008 - FIXED-LENGTH DATA ELEMENTS
- fixed length control field: 180606|| aca||aabn | a|a d
040 ## - CATALOGING SOURCE
- Original cataloging agency: NUST
- Transcribing agency: NUST
100 ## - HEADING--PERSONAL NAME
- Personal name: Holler Skoog Crouch
670 ## - SOURCE DATA FOUND
- Source citation: Work cat.: (NUST): Holler Skoog Crouch, Principles of Instrumental Analysis, 2015
